Personnages de Tekken - Statistiques

Statistiques générales
  • Ce quiz a été pris 647 fois
    5 depuis la dernière actualisation
  • Le résultat moyen est 64 sur 92
Statistiques - réponses
Personnages jouables % Correct
Anna Williams
100%
Baek Doo San
100%
Bob
100%
Christie Monteiro
100%
Eddy Gordo
100%
Feng Wei
100%
Heihachi Mishima
100%
Hwoarang
100%
Jack
100%
Jin Kazama
100%
Jinpachi Mishima
100%
Jun Kazama
100%
Kazuya Mishima
100%
Kuma
100%
Kunimitsu
100%
Lee Chaolan
100%
Lei Wulong
100%
Lili
100%
Ling Xiaoyu
100%
Marshall Law
100%
Mokujin
100%
Nina Williams
100%
Panda
100%
Paul Phoenix
100%
Sergei Dragunov
100%
Yoshimitsu
100%
Akuma
75%
Alex
75%
Alisa Bosconovitch
75%
Angel
75%
Armor King
75%
Asuka Kazama
75%
Azucena Milagros Ortiz Castillo
75%
Bryan Fury
75%
Craig Marduk
75%
Devil
75%
Devil Jin
75%
Dr.Bosconovitch
75%
Eliza
75%
Forest Law
75%
Ganryu
75%
Gigas
75%
Gon
75%
Gun Jack
75%
Jack-2
75%
Jack-5
75%
Jack-6
75%
Julia Chang
75%
Katarina Alves
75%
King
75%
Lars Alexandersson
75%
Leo
75%
Master Raven
75%
Michelle Chang
75%
Ogre
75%
Raven
75%
Roger
75%
Roger Jr.
75%
Slim Bob
75%
Steve Fox
75%
Tiger Jackson
75%
True Ogre
75%
Wang Jinrei
75%
Zafina
75%
Geese Howard
50%
Jack-7
50%
Jack-8
50%
Josie Rizal
50%
Kazumi Mishima
50%
Negan
50%
Noctis Lucis Caelum
50%
Reina
50%
Tetsujin
50%
Unknown
50%
Victor Chevalier
50%
Violet
50%
Bruce Irvin
25%
Claudio Serafino
25%
Clive Rosfield
25%
Combot
25%
Fahkumram
25%
Jaycee
25%
Leroy Smith
25%
Lidia Sobieska
25%
Miary Zo
25%
Miguel Caballero Rojo
25%
Miharu Hirano
25%
P.Jack
25%
Sebastian
25%
Shaheen
25%
Lucky Chloe
0%
Yujiro Hanma
0%
Aucun quiz correspondant
Distribution des résultats
% des personnes avec chaque résultat
Percentile par nombre de réponses
Votre historique - résultats
Vous n’avez pas pris ce quiz depuis la dernière actualisation